logo

Bir Sreshtho Munshi Abdur Rouf Library
Jhenaidah Cadet College

Japanese tales and legends / (Record no. 7217)

MARC details
000 -LEADER
fixed length control field 00698cam a2200265 a 4500
001 - CONTROL NUMBER
JCCL Control Number 7217
003 - CONTROL NUMBER IDENTIFIER
JCCL marc code BD-JhCC
005 - DATE AND TIME OF LATEST TRANSACTION
control field 20180418165932.0
008 - FIXED-LENGTH DATA ELEMENTS--GENERAL INFORMATION
fixed length control field 890608r19891958enk | |||| ||eng||
020 ## - INTERNATIONAL STANDARD BOOK NUMBER
International Standard Book Number 0192741403
035 ## - SYSTEM CONTROL NUMBER
system control number (BD-JhCC)7217
040 ## - CATALOGING SOURCE
Original cataloging agency BD-JhCC
Modifying agency BD-JhCC
041 ## - LANGUAGE CODE
Language code of Book eng
082 ## - DEWEY DECIMAL CLASSIFICATION NUMBER
Author mark and Year MAC 1964
Classification number 398.20952
100 1# - MAIN ENTRY--PERSONAL NAME
Personal name McAlpine, Helen.
245 10 - TITLE STATEMENT
Title Japanese tales and legends /
Statement of responsibility, etc retold by Helen & William McAlpine.
260 ## - PUBLICATION, DISTRIBUTION, ETC. (IMPRINT)
Place of publication, distribution, etc Oxford :
Name of publisher, distributor, etc Oxford University Press,
Date of publication, distribution, etc 1988.
300 ## - PHYSICAL DESCRIPTION
Pagination [ca 212]p ;
Dimensions 20cm.
650 ## - SUBJECT ADDED ENTRY--TOPICAL TERM
Topical term or geographic name as entry element Tales
Geographic subdivision Japan
650 ## - SUBJECT ADDED ENTRY--TOPICAL TERM
Topical term or geographic name as entry element Legends
700 1# - ADDED ENTRY--PERSONAL NAME
Personal name McAlpine, William.
700 1# - ADDED ENTRY--PERSONAL NAME
Personal name Kiddell-Monroe, Joan.
942 ## - ADDED ENTRY ELEMENTS (KOHA)
Source of classification or shelving scheme Dewey Decimal Classification
Koha item type Books
Holdings
Source of classification or shelving scheme Damaged status Not for loan Home library Current library Shelving location Total Checkouts Full call number Barcode Date last seen Copy number Koha item type
Dewey Decimal Classification     JCC Rouf Library JCC Rouf Library General Stacks   398.20952 MAC 1964 9762 02/06/2018 C - 1 Books

JCC Library | Contacts | JCC Home

Last Update on 23 September 2017
Copyright @ 2017-2020 JCC Rouf Library
Rouf Library, Jhenidah Cadet College (JCC), Bangladesh